The London arbitrageur; or, The English money market in connexion with foreign bourses
Saved in:
| Format: | Book |
|---|---|
| Language: | English |
| Published: |
London
Trübner
1870
|
| Tags: |
No Tags, Be the first to tag this record!
|
MARC
| LEADER | 00000nam a2200000 4500 | ||
|---|---|---|---|
| 001 | 0304187 | ||
| 005 | 20240911134744.8 | ||
| 041 | 0 | |a eng | |
| 044 | |a GB | ||
| 245 | 1 | 0 | |a The London arbitrageur; or, The English money market |b in connexion with foreign bourses |c Ottomar Haupt |
| 264 | 1 | |a London |b Trübner |c 1870 | |